As SabiilulAqwam Fi Tawdihil Muslim : / السبیل الاقوم فی توضیح المسلم (Record no. 29330)

MARC details
000 -LEADER
fixed length control field 00543nam a22001817a 4500
003 - CONTROL NUMBER IDENTIFIER
control field BDDh-ASL
005 - DATE AND TIME OF LATEST TRANSACTION
control field 20231015031023.0
008 - FIXED-LENGTH DATA ELEMENTS--GENERAL INFORMATION
fixed length control field 220926n ii ||||| |||| 00| 0 urd d
040 ## - CATALOGING SOURCE
Original cataloging agency BDDh-ASL
Transcribing agency BDDh-ASL
041 ## - LANGUAGE CODE
Language code of text/sound track or separate title urd
082 ## - DEWEY DECIMAL CLASSIFICATION NUMBER
Classification number 297
Item number HAA
100 1# - MAIN ENTRY--PERSONAL NAME
9 (RLIN) 6608
Personal name Hai, Maulavi Abdul
Titles and words associated with a name Rangoon
245 10 - TITLE STATEMENT
Title As SabiilulAqwam Fi Tawdihil Muslim : / السبیل الاقوم فی توضیح المسلم
260 ## - PUBLICATION, DISTRIBUTION, ETC.
Place of publication, distribution, etc. Saharanpur :
Name of publisher, distributor, etc. Yahyavi Library ,
300 ## - PHYSICAL DESCRIPTION
Extent 88 p. :
Dimensions 24 cm.
650 #0 - SUBJECT ADDED ENTRY--TOPICAL TERM
9 (RLIN) 6609
Topical term or geographic name entry element Usul-I Fiqh
942 ## - ADDED ENTRY ELEMENTS (KOHA)
Source of classification or shelving scheme Dewey Decimal Classification
Koha item type Books
Holdings
Withdrawn status Lost status Source of classification or shelving scheme Damaged status Not for loan Collection code Home library Current library Shelving location Date acquired Source of acquisition Serial Enumeration / chronology Total Checkouts Full call number Barcode Date last seen Copy number Price effective from Koha item type Public note
    Dewey Decimal Classification   Not For Loan Non-fiction Asiatic Society Library Asiatic Society Library General Stacks 09/26/2022 ASB Collections U-0909-A   297 HAA 117531 09/26/2022 C-1 09/26/2022 Books Y-0000

Powered by Koha